00822 2200289 4500001002100000001002100021005001500042020002200057035002400079040001200103082002100115084002100136090001400157090002100171100001900192245006700211245006800278250001000346260004100356260003100397300002900428504001600457650002100473700001100494850001200505990001500517YOGYA000000000000837YOGYA00000000000083720140822073403 a978-602-7696-04-4 0010-081400000000877 aYOPDYOG 2[22]aDEP 615.12 aDEP 615.12 Ary M a324 cip d aDEP 615.12 Ary M aARYO BOGADENTA aduel segitiga ppp golkar pdi dalam pemilu 1997cciplo, bambang aManajemen pengelolaan apotikc/ Arya Bogadenta ; editor, Evrine aCet.1 ayogyakartabbiograf publishingc1997 aYogyakartabD-Medikac2012 a224 hlm4b: ilusc; 20 cm aBibliografi aApotik-Manajemen aEvrine aYOPDYOG a94963-p/97